लोड हो रहा है...

Rajaravivarmayum Chitrhakalayum

ग्रंथसूची विवरण
मुख्य लेखक: Chandran,Kilimanoor
स्वरूप: Printed Book
भाषा:Undetermined
प्रकाशित: Chinta publishers Trivandrum, 2012
विषय:
LEADER 00485nam a2200145Ia 4500
008 200324s9999 xx 000 0 und d
082 |a 923.5483  |b CHA-R 
100 |a Chandran,Kilimanoor 
245 0 |a Rajaravivarmayum Chitrhakalayum 
260 |b Chinta publishers Trivandrum,  |c 2012 
300 |a 264p. 
650 |a biography 
942 |c BK 
999 |c 289188  |d 289188 
952 |0 0  |1 0  |4 0  |6 923_548300000000000_CHAR  |7 0  |9 307722  |a SDE  |b SDE  |d 2019-02-25  |l 0  |o 923.5483 CHA-R  |p SDE25410  |r 2020-03-27  |w 2020-03-27  |y BK